000 00799cam a2200217 a 4500
082 _a940.4
_bKEA
100 1 _aKearsey, A.
_949652
245 1 2 _aA summary of the strategy and tactics of the Egypt and Palestine campaign with details of the 1917-18 operations illustrating the principles of war /
_cby A.Kearsey.
250 _a2d ed. rev.
260 _aUckfield, East Sussex, England :
_bThe Naval & Military Press,
_c2003?
300 _a115 p. :
_bill. ;
_c22 cm.
500 _a"Twelve maps."
500 _aCover title.
500 _aOriginally published : Aldershot : Gale & Polden, 1931.
526 _a0
_b0
_c0
_d940_400000000000000_KEA
650 0 _aMCE
_9379
650 0 _aStrategy.
650 0 _aTactics.
_937945
650 0 _aWorld War, 1914-1918
_xCampaigns
_zTurkey.
942 _2ddc
_cBK
999 _c552494
_d552494